000 00385nam a2200169Ia 4500
001 17008
005 20260306170353.0
008 260306t9999||||xx |||||||||||||| ||und||
041 _aESP
082 _a657.42
_bH76 2002
100 _aHorngren, Charles T.
_eAUT
245 0 _aContabilidad de costos
300 _a
_c
650 _aGEN
654 _aCCO
942 _cLIB
_dJUS
_fJUS
_2ddc
_n
999 _c17008
_d17008